5HLuxD.jpg

KING HENRY VIII SENIOR AND PRIMARY SCHOOL LIBRARY OPAC

Cambridge IGCSE French: (Record no. 3121)

000 -LEADER
fixed length control field 01185aam a22003611i 4500
001 - CONTROL NUMBER
control field 020261784
003 - CONTROL NUMBER IDENTIFIER
control field Uk
005 - DATE AND TIME OF LATEST TRANSACTION
control field 20231018121353.0
006 - FIXED-LENGTH DATA ELEMENTS--ADDITIONAL MATERIAL CHARACTERISTICS
fixed length control field m || d |
007 - PHYSICAL DESCRIPTION FIXED FIELD--GENERAL INFORMATION
fixed length control field cr |||||||||||
008 - FIXED-LENGTH DATA ELEMENTS--GENERAL INFORMATION
fixed length control field 210713s2019 xxk||||jo |||| ||eng
015 ## - NATIONAL BIBLIOGRAPHY NUMBER
National bibliography number GBC1F6459
Source bnb
020 ## - INTERNATIONAL STANDARD BOOK NUMBER
International Standard Book Number 9781510447554
040 ## - CATALOGING SOURCE
Original cataloging agency Uk
Language of cataloging eng
Transcribing agency Uk
Modifying agency KH8
041 0# - LANGUAGE CODE
Language code of text/sound track or separate title eng
-- fre
042 ## - AUTHENTICATION CODE
Authentication code ukblsr
082 04 - DEWEY DECIMAL CLASSIFICATION NUMBER
Classification number 448.242 CHE
Edition number 23
100 1# - MAIN ENTRY--PERSONAL NAME
Personal name Chevrier-Clarke, Séverine,
Relator term author.
245 10 - TITLE STATEMENT
Title Cambridge IGCSE French:
Name of part/section of a work Student book /
Statement of responsibility, etc. Severine Chevrier-Clarke..
250 ## - EDITION STATEMENT
Edition statement Third edition.
264 #1 - PRODUCTION, PUBLICATION, DISTRIBUTION, MANUFACTURE, AND COPYRIGHT NOTICE
Place of production, publication, distribution, manufacture London :
Name of producer, publisher, distributor, manufacturer Hodder Education,
Date of production, publication, distribution, manufacture, or copyright notice 2019.
300 ## - PHYSICAL DESCRIPTION
Extent 1 online resource (256 pages).
336 ## - CONTENT TYPE
Content type term text
Source rdacontent
337 ## - MEDIA TYPE
Media type term computer
Source rdamedia
338 ## - CARRIER TYPE
Carrier type term online resource
Source rdacarrier
546 ## - LANGUAGE NOTE
Language note Text in English and French.
650 #0 - SUBJECT ADDED ENTRY--TOPICAL TERM
Topical term or geographic name entry element French language
Form subdivision Textbooks for foreign speakers
General subdivision English.
700 ## - ADDED ENTRY--PERSONAL NAME
Personal name Gilles, Jean-Claude,
Relator term author.
700 ## - ADDED ENTRY--PERSONAL NAME
Personal name Thathapudi, Kirsty,
Relator term author.
884 ## - DESCRIPTION CONVERSION INFORMATION
Conversion process LDL ebooks ONIX to marcxml transformation using Record_Load-eBooks_Legal_Deposit_onix2marc_v2-1.xsl
Conversion date 20210713
Identifier of source metadata HachetteUK669855
Conversion agency Uk
942 ## - ADDED ENTRY ELEMENTS (KOHA)
Source of classification or shelving scheme
Koha item type Teaching Resources
Holdings
Withdrawn status Lost status Source of classification or shelving scheme Damaged status Not for loan Collection code Permanent Location Current Location Shelving location Date acquired Total Checkouts Full call number Barcode Date due Date last seen Date last checked out Price effective from Koha item type
          Teaching Resources KH8 Senior School Library KH8 Senior School Library Staff Office 2023-10-18 1 448.242 CHE TRKHSL003972 2025-07-04 2024-11-08 2024-11-08 2023-10-18 Teaching Resources
          Teaching Resources KH8 Senior School Library KH8 Senior School Library Staff Office 2023-10-18 1 448.242 CHE TRKHSL003973 2025-07-04 2024-11-08 2024-11-08 2023-10-18 Teaching Resources
          Teaching Resources KH8 Senior School Library KH8 Senior School Library Staff Office 2023-10-18 1 448.242 CHE TRKHSL003974   2026-03-10 2024-11-08 2023-10-18 Teaching Resources
          Teaching Resources KH8 Senior School Library KH8 Senior School Library Staff Office 2023-10-20 1 448.242 CHE TRKHSL004261 2025-07-04 2024-11-08 2024-11-08 2023-10-20 Teaching Resources
          Teaching Resources KH8 Senior School Library KH8 Senior School Library Staff Office 2023-12-22 1 448.242 CHE TRKHSL005111 2025-07-04 2024-11-05 2024-11-05 2023-12-22 Teaching Resources

Powered By KH8 IT Dept